Polygon Names - Statistics

General Stats
  • This quiz has been taken 64 times
  • The average score is 14 of 26
Answer Stats
Number of Sides Answer % Correct
10 Decagon
98%
6 Hexagon
98%
5 Pentagon
98%
7 Heptagon / Septagon
95%
9 Nonagon / Enneagon
95%
8 Octagon
89%
12 Dodecagon
75%
11 Hendecagon
61%
16 Hexadecagon
61%
15 Pentadecagon
61%
13 Tridecagon
59%
19 Enneadecagon
55%
17 Heptadecagon
55%
18 Octadecagon
55%
14 Tetradecagon
55%
20 Icosagon
43%
10,000 Myriagon
30%
30 Triacontagon
30%
1,000 Chiliagon
27%
100 Hectogon
27%
70 Heptacontagon
27%
60 Hexacontagon
27%
80 Octacontagon
27%
50 Pentacontagon
27%
40 Tetracontagon
27%
90 Enneacontagon
25%
No matching quizzes found
Score Distribution
Percent of People with Each Score
Percentile by Number Answered
Your Score History
You have not taken this quiz